| 000 | 00788cam a22002533a 4500 | ||
|---|---|---|---|
| 001 | 31002 | ||
| 003 | PGUSA | ||
| 005 | 20140828083654.0 | ||
| 008 | 100117s2010||||xxu|||||s|||||000 | eng d | ||
| 040 |
_aPGUSA _beng |
||
| 042 | _adc | ||
| 050 | 4 | _aDG | |
| 100 | 1 |
_aGaribaldi, Giuseppe, _d1807-1882 |
|
| 245 | 1 | 0 |
_aI Mille _h[electronic resource] / _cGiuseppe Garibaldi |
| 260 |
_bProject Gutenberg, _c2010 |
||
| 506 | _aPublic domain in the USA. | ||
| 516 | _aElectronic text | ||
| 653 | _aExpedition of the Thousand, Italy, 1860 -- Personal narratives | ||
| 653 | _aGaribaldi, Giuseppe, 1807-1882 | ||
| 653 | _aItaly -- History -- War of 1860-1861 -- Personal narratives | ||
| 830 | 0 |
_aProject Gutenberg _v31002 |
|
| 856 | 4 | 0 | _uhttp://www.gutenberg.org/ebooks/31002 |
| 942 | _cEB | ||
| 999 |
_c260257 _d260257 |
||